=LDR 00000nam 2200000 4500 =001 INLIS000000000023504 =005 20130612122149 =008 ***********************************Ind** =035 ##$$0010-061300000023504 =041 ##$$a Ind =082 ##$$a F.Rom.K =090 ##$$a F.Rom.K, Yos m =100 ##$$a Yoshizumi, Wataru =245 ##$$a Meteor garden orange, Wataru Yoshizumi =260 ##$$a 2002 $b Jakarta =300 ##$$a 191 hlm., 15 cm =650 ##$$a Fiksi Remaja =850 ##$$a NBPNMAT